Statistiques concernant Pays les plus devinés sur Jetpunk

Cliquez ici pour prendre le quiz!

Statistiques générales

  • Ce quiz a été pris 13 607 fois
    (2 193 depuis la dernière actualisation)
  • Le résultat moyen est 21 sur 24

Statistiques - réponses

%Pays% Correct
98France
100%
95Etats-Unis
99%
95Chine
98%
96Russie
97%
95Espagne
97%
96Canada
97%
96Italie
95%
94Allemagne
95%
94Brésil
95%
93Japon
93%
88Royaume-Uni
93%
94Australie
92%
94Mexique
91%
87Algérie
87%
88Argentine
86%
91Inde
86%
93Portugal
85%
91Maroc
85%
89Suisse
79%
89Suède
73%
87Égypte
72%
88Afrique du Sud
70%
87Irlande
69%
87Norvège
69%

Distribution des résultats

Percentile par nombre de réponses

% des personnes avec chaque résultat

Votre développement - résultats

Vous n’avez pas pris ce quiz depuis la dernière actualisation